000 00893nam a2200265 a 4500
001 BRCA_4689
005 20190320204752.0
008 011010s1921----gw-a######---#000-0#ger-#
041 _ager
044 _agw
050 4 _aNK3000
_b.S35 1
_c1921
100 1 _aSchmitz, Hermann
_99529
245 1 0 _aBild teppiche
_bGeschichte der Gobelinwirkerei
_cvon Hermann Schmitz.
250 _a2
260 _aBerlín
_bKunstwissenschaft
_c1921
300 _a352 p.
_bil., 158 láminas
_c24 cm.
500 _aIncluye ejemplos de marcas utilizadas en los tapices, comentarios generales del texto, índice de ilustraciones e índice onomástico
500 _aEjemplar igual a D139 y T59. Ver también T57 e Y92 (ed. de 1919)
500 _aD61
504 _aBibliografía: p. 349-352
650 1 4 _aGobelinos
_xHistoria
_911900
650 1 4 _aTapices
_xHistoria
_95686
902 _aGFM
942 _2lcc
_cB
999 _c4389
_d4389